000 00545nam a2200205Ia 4500
005 20260429112310.0
008 260429s9999||||xx |||||||||||||| ||und||
020 _a9789390680740
041 _aEnglish
082 _a551
_bNOR
100 _aNorton, William Harmon
245 0 _aElements of geology /
_cWilliam Harmon Norton
260 _aJaipur :
_bHilltop Publications,
_c2024.
300 _ax, 293 p.; hb
650 _a Earth sciences
650 _a Geomorphology
650 _a Rocks and minerals
650 _aGeology
942 _cTB
999 _c53372
_d53372